Orígenes de la cultura ibérica en la Contestania / por Enrique A. Llobregat
Descripción Física:
p. 61-74 ; 27 cm
Colección:
Monografías ; 51
Materias:
Ibers -- Contestània (País Valencià)
MARC
| LEADER | 00000nam a2200000Ia 4500 | ||
|---|---|---|---|
| 001 | 7817 | ||
| 008 | 160829s1976 - 1978 xx 000 0 cat d | ||
| 080 | |a FU-21-38 | ||
| 100 | |a Llobregat Conesa, Enrique |9 30121 | ||
| 245 | |a Orígenes de la cultura ibérica en la Contestania / por Enrique A. Llobregat | ||
| 260 | |a Barcelona : |b Diputació. Institut de Prehistòria i Arqueologia, |c 1976 - 1978 | ||
| 300 | |a p. 61-74 ; |c 27 cm | ||
| 490 | |a Monografías ; 51 | ||
| 590 | |a Separata d'Ampurias ; 38-40. | ||
| 590 | |a Simposi Internacional : Els orígens del món ibèric. Barcelona - Empúries, 1977 | ||
| 650 | |a Ibers |x Contestània (País Valencià) |9 30122 | ||
| 710 | 2 | |a Institut de Prehistòria i Arqueologia (Barcelona, Catalunya) |9 52785 | |
| 901 | |a Arxiu | ||
| 942 | |n 1 | ||
| 952 | |0 0 |1 0 |4 0 |6 FU2138 |7 1 |9 45277 |a Arxiu |b Arxiu |d 2016-12-01 |l 0 |o FU-21-38 |p 7817 |r 2016-12-01 00:00:00 |w 2016-12-01 |y ARXIU | ||
| 999 | |c 48351 |d 48351 | ||